00641nam a2200241Ia 4500008004100000020001800041050001800059050001700077100002000094245003400114245006000148250001600208260001600224260002600240260000900266300001600275300001100291300001100302440002600313500002000339650002100359650001900380160517s9999 xx 000 0 und d a981-423-967-6 aComSc QA 76.9 b.S88S54 2003 aShelly, Gary B. aSystems analysis and design / cGary B. Shelly, Thomas J. Cashman, Harry J. Rosenblatt. a5th Edition aAustralia : bThomson Course Tech., c2003 a640 pages : bill. ; c24 cm. aShelly Cashman series aIncludes index. aSystem analysis. xSystem design.